| 000 | 01019nam a22002537a 4500 | ||
|---|---|---|---|
| 999 |
_c64918 _d64918 |
||
| 005 | 20240530110757.0 | ||
| 008 | 190114s2017 ua f b 000 0 ara d | ||
| 017 |
_a2017/4693 _bمصر. دار الكتب |
||
| 020 | _a9789779111964 | ||
| 040 |
_aEG-CaGPL _cEG-CaGPL |
||
| 082 | 0 | 4 |
_221 _a306.45 / _bق/أ ن |
| 100 | 0 | _aاحمد محمود عبدالجواد | |
| 245 | 1 | 2 |
_aالنخبة العلمية المصرية : _bالتكوين - الدور - المصير : 1805 - 1975 / _cاحمد محمود عبدالجواد |
| 250 | _aط.1 | ||
| 260 |
_aالقاهرة : _bالهيئة المصرية العامة للكتاب، _c2017. |
||
| 300 |
_a451 ص. ؛ _c24 سم . |
||
| 504 | _aيشتمل على ارجاعات ببليوجرافية | ||
| 650 | 0 | 7 |
_2qrmak _aالعلم والحضارة |
| 650 | 0 | 7 |
_2qrmak _aالعلماء |
| 650 | 0 | 7 |
_2qrmak _aالعلوم عند العرب _xاغراضة واهدافة _zمصر |
| 651 | _2qrmak | ||
| 942 |
_2ddc _cBK |
||